01460nam a2200229 a 450000100100000000500170001000800410002702000150006804000250008308200200010810000220012824501000015026000390025030000320028950000700032150000730039150400290046450506100049365000510110365000460115470000300120000000725620200929154118.0090907s1995 dr d r 001 0 spa d a8489539103 aDO-SdBNPbspacBNPHU a509.7293bM181c1 aMorrison, Ramón10aCiencia y tecnología en la historia dominicana /cRamón Morrison, Nicolás Madé Serrano. aSanto Domingo :bColorscan,c1995. a277 p. :bgráf. ;c23 cm. aIncluye Incluye datos biográficos de los autores en las solapas aIncluye referencias bibliográficas y notas al pie de las páginas aBibliografia: p. 261-2762 aVisión sistémica de la ciencia y la tecnología en la historia -- Ciencia y tecnología en España antes del encuentro de las dos culturas -- Cosmología y sistema tecnológico en la sociedad Taína -- Encuentro de las dos culturas predominantes -- Ciencia y tecnología desde los Jerónimos hasta la revolución de los precios -- España y las fronteras de la tecnología -- Giro en el Sistema Tecnológico -- España y las fronteras de la ciencia -- Los naturalistas y las universidades en la Isla Española -- Ciencia y tecnología en la culminación de los precedentes republicanos 4aTecnologíazRepública DominicanaxHistoria 4aCienciazRepública DominicanaxHistoria1 aMadé Serrano, Nicolás